|
|
|
|
| LEADER |
00767nam a2200169 a 4500 |
| 008 |
100415b bg b 001 0 ben d |
| 040 |
|
|
|a BD-DhAAL
|c BD-DhAAL
|d BD-DhAAL
|
| 082 |
0 |
0 |
|a 305.4
|
| 245 |
1 |
0 |
|a গণমাধ্যম ও নারী /
|c মেঘনা গুহ ঠাকুরতা...[ইট..অল],সমপাদক
|
| 260 |
|
|
|a ঢাকা :
|b নারী সংহতি
|
| 300 |
|
|
|a ৯৯পৃ.;
|c ২২ সে.মি.
|
| 541 |
1 |
|
|e 00005025
|
| 650 |
0 |
0 |
|a Media
|d Women
|
| 700 |
1 |
|
|a ঠাকুরতা,মেঘনা গুহ.
|
| 852 |
4 |
|
|a Ayesha Abed Library
|j General shelf
|
| 999 |
|
|
|c 8496
|d 8496
|
| 952 |
|
|
|0 0
|1 0
|2 ddc
|4 0
|6 305_400000000000000_GON
|7 0
|9 10019
|a BRACUL
|b JATRI
|c GEN
|d 2010-05-11
|g 40.00
|l 0
|o 305.4 GON
|p 3010005025
|r 2010-05-11
|t 1
|w 2010-05-11
|y BK
|